000 01311nam a2200349 i 4500
001 016063028
003 EG-ScBUE
005 20241010132945.0
008 120327t2013 au a f 001 0 eng d
020 _a9781133492467 (pbk.) :
020 _a1133492460 (pbk.) :
040 _aEG-ScBUE
_beng
_erda
_cEG-ScBUE
_dEG-ScBUE
082 0 4 _a515.35
_223
_bZIL
100 1 _aZill, Dennis G.,
_d1940-
_eauthor.
_933403
245 1 0 _aDifferential equations :
_bwith boundary-value problems /
_cDennis G. Zill, Loyola Marymount University, Warren S. Wright, Loyola Marymount University, Michael R. Cullen, Late of Loyola Marymount University.
250 _aEighth edition.
250 _aInternational edition.
264 1 _aNew Zealand :
_bBrooks/Cole, Cengage Learning,
_c[2013]
264 4 _cc2013
300 _a1 volume (various pagings) :
_bcolor illustrations ;
_c28 cm
336 _2rdacontent
_atext
_btxt
337 _aunmediated
_2rdamedia
_bn
338 _avolume
_bnc
_2rdacarrier
500 _aIncludes index.
650 7 _aDifferential equations.
_2BUEsh
_933404
650 7 _aBoundary value problems.
_2color illustrations
_933405
653 _cJune2013
655 _vReading book
700 1 _aCullen, Michael R.,
_eauthor.
_933407
700 1 _933406
_aWright, Warren S.,
_eauthor.
942 _2ddc
_cBB
999 _c17495
_d17467